[Event "15.Offene Südharz-Meisterschaft"]
[Site "Schloss Mansfeld"]
[Date "2022.12.16"]
[Round "1.1"]
[White "Syre, Christian"]
[Black "Doerge, Sven"]
[Result "1/2-1/2"]
[WhiteElo "2154"]
[BlackElo "1911"]
[PlyCount "55"]
[EventDate "2022.??.??"]

1. d4 d5 2. c4 e6 3. Nc3 c5 4. e3 Nf6 5. Nf3 a6 6. Bd3 Nc6 7. O-O dxc4 8. Bxc4
b5 9. Be2 Bb7 10. a3 Qc7 11. dxc5 Bxc5 12. b4 Ba7 13. Bb2 Rd8 14. Qc2 Bb8 15.
g3 Ne7 16. Rac1 Rc8 17. Qb3 Qb6 18. a4 O-O 19. axb5 axb5 20. Rfd1 Nf5 21. Nb1
Bd5 22. Qa3 Ne4 23. Nbd2 Rxc1 24. Rxc1 Bd6 25. Nxe4 Bxe4 26. Nd2 Bb7 27. Bf3
Bxf3 28. Nxf3 1/2-1/2

[Event "15.Offene Südharz-Meisterschaft"]
[Site "Schloss Mansfeld"]
[Date "2022.12.16"]
[Round "1.4"]
[White "Schulemann, Gero"]
[Black "Haubold, Sebastian"]
[Result "1-0"]
[WhiteElo "1857"]
[BlackElo "2028"]
[PlyCount "81"]
[EventDate "2022.??.??"]

1. e4 e5 2. Nf3 Nc6 3. Bc4 Bc5 4. c3 Nf6 5. d3 d6 6. Nbd2 a6 7. Bb3 Ba7 8. Nf1
O-O 9. Ng3 h6 10. O-O Re8 11. Be3 d5 12. Bxa7 Rxa7 13. Qe2 d4 14. Nh4 Bg4 15.
f3 Bh5 16. Ngf5 Kh8 17. Qf2 dxc3 18. bxc3 Qxd3 19. Rad1 Qb5 20. c4 Qb4 21. Nxg7
Kxg7 22. Nf5+ Kh7 23. Qh4 Qb6+ 24. c5 Qxc5+ 25. Kh1 Qf8 26. Qxf6 Na5 27. Bxf7
Qxf7 28. Qxh6+ Kg8 29. Qe3 Qe6 30. Qxa7 Bg6 31. Qc5 Nc6 32. Qd5 Bxf5 33. exf5
Qxd5 34. Rxd5 Nd4 35. Re1 Nc6 36. Rd7 Rc8 37. Red1 Kf8 38. f6 Kg8 39. Rg7+ Kf8
40. Rh7 Kg8 41. Rdd7 1-0

[Event "15.Offene Südharz-Meisterschaft"]
[Site "Schloss Mansfeld"]
[Date "2022.12.16"]
[Round "1.5"]
[White "Haubold, Christian"]
[Black "Hering, Sven"]
[Result "1-0"]
[WhiteElo "2006"]
[BlackElo "1849"]
[PlyCount "77"]
[EventDate "2022.??.??"]

1. e4 c5 2. Nf3 Nc6 3. d4 cxd4 4. Nxd4 e5 5. Nb5 d6 6. N1c3 a6 7. Na3 Be7 8.
Nd5 Nf6 9. Nxf6+ Bxf6 10. c3 Be6 11. Bc4 Qe7 12. Be3 O-O 13. Bb6 Rac8 14. Qd3
Nb8 15. Rd1 Nd7 16. Be3 Nc5 17. Bxc5 dxc5 18. Bd5 b5 19. Nc2 Bg5 20. Qf3 Bxd5
21. exd5 f5 22. d6 Qd7 23. Qd5+ Kh8 24. O-O Rfe8 25. Rfe1 Bf6 26. Ne3 Red8 27.
f4 exf4 28. Nxf5 Re8 29. h3 g6 30. Nh6 Rxe1+ 31. Rxe1 Re8 32. Rd1 c4 33. Qf7
Qd8 34. d7 Rf8 35. Qd5 Qb6+ 36. Kh1 Kg7 37. Ng4 Bd8 38. Qe5+ Kf7 39. Nh6# 1-0

[Event "15.Offene Südharz-Meisterschaft"]
[Site "Schloss Mansfeld"]
[Date "2022.12.16"]
[Round "1.6"]
[White "Held, Martin"]
[Black "Ziegenfuss, Holger"]
[Result "0-1"]
[WhiteElo "1848"]
[BlackElo "2002"]
[PlyCount "46"]
[EventDate "2022.??.??"]

1. e4 e5 2. f4 exf4 3. Nc3 d6 4. d4 Qh4+ 5. Ke2 Bg4+ 6. Nf3 Bxf3+ 7. Kxf3 g5 8.
Bc4 Nf6 9. g3 Qh3 10. e5 g4+ 11. Kf2 dxe5 12. Qe1 Nc6 13. Bxf4 O-O-O 14. Bg5
exd4 15. Ne4 Nxe4+ 16. Qxe4 Bh6 17. Qf5+ Rd7 18. Be2 Bxg5 19. Qxg5 f6 20. Qxg4
Qh6 21. Qe6 Ne5 22. Rae1 Qd2 23. Kf1 Qxc2 0-1

[Event "15.Offene Südharz-Meisterschaft"]
[Site "Schloss Mansfeld"]
[Date "2022.12.16"]
[Round "1.7"]
[White "Kraus, Sebastian"]
[Black "Schmidt, Alexander"]
[Result "1-0"]
[WhiteElo "1995"]
[BlackElo "1845"]
[PlyCount "37"]
[EventDate "2022.??.??"]

1. e4 d6 2. d4 Nf6 3. Nc3 Nbd7 4. Nf3 e5 5. g4 Nxg4 6. Rg1 h5 7. h3 Ngf6 8. Bc4
exd4 9. Qxd4 c6 10. Bf4 b5 11. Ng5 bxc4 12. Qxc4 Qe7 13. Qxc6 Rb8 14. O-O-O Bb7
15. Qa4 Qd8 16. Qc4 d5 17. exd5 Bc5 18. Rge1+ Kf8 19. d6 1-0

[Event "15.Offene Südharz-Meisterschaft"]
[Site "Schloss Mansfeld"]
[Date "2022.12.16"]
[Round "1.8"]
[White "Ziervogel, Alexander"]
[Black "Herter, Arne"]
[Result "1-0"]
[WhiteElo "1841"]
[BlackElo "1981"]
[PlyCount "49"]
[EventDate "2022.??.??"]

1. d4 Nf6 2. c4 g6 3. Nc3 Bg7 4. Bg5 O-O 5. Nf3 d6 6. e3 c5 7. Be2 a6 8. h3 b5
9. cxb5 axb5 10. Bxb5 Qb6 11. O-O Ba6 12. dxc5 dxc5 13. Bxa6 Nxa6 14. Na4 Qb5
15. b3 Nb4 16. Rc1 Rac8 17. a3 Nd3 18. Rb1 Rfd8 19. Qc2 Rd7 20. Bxf6 Bxf6 21.
Nd2 e5 22. Ne4 Be7 23. Qc4 Qxc4 24. bxc4 f5 25. Nb6 1-0

[Event "15.Offene Südharz-Meisterschaft"]
[Site "Schloss Mansfeld"]
[Date "2022.12.16"]
[Round "1.9"]
[White "Duzy, Stefan"]
[Black "Glock, Benjamin"]
[Result "1-0"]
[WhiteElo "1975"]
[BlackElo "1830"]
[PlyCount "69"]
[EventDate "2022.??.??"]

1. e4 c6 2. Nf3 d5 3. exd5 cxd5 4. Ne5 Nf6 5. d4 Nc6 6. c3 e6 7. Bd3 Bd7 8. O-O
Be7 9. Qe2 O-O 10. f4 b5 11. Nxd7 Qxd7 12. Bxb5 Rab8 13. Bd3 Rfc8 14. Nd2 Na5
15. Nf3 Rb6 16. Ne5 Qb7 17. b4 Nc4 18. Nxc4 dxc4 19. Bc2 Nd5 20. Bd2 Bf6 21. a4
Nxb4 22. cxb4 Bxd4+ 23. Be3 Bxa1 24. Rxa1 Rxb4 25. Bd4 Qd5 26. Bc3 Rb6 27. Rd1
Qb7 28. f5 Qe7 29. f6 gxf6 30. Qg4+ Kf8 31. Bxh7 Ke8 32. Bxf6 Qf8 33. Qd4 Qc5
34. Qxc5 Rxc5 35. Rd8# 1-0

[Event "15.Offene Südharz-Meisterschaft"]
[Site "Schloss Mansfeld"]
[Date "2022.12.16"]
[Round "1.10"]
[White "Meissel, Jan"]
[Black "Udelnov, Valentin"]
[Result "0-1"]
[WhiteElo "1828"]
[BlackElo "1960"]
[PlyCount "92"]
[EventDate "2022.??.??"]

1. d4 Nf6 2. Nf3 g6 3. c4 Bg7 4. Nc3 O-O 5. Bg5 d6 6. e3 h6 7. Bh4 Nbd7 8. Be2
e5 9. dxe5 dxe5 10. O-O g5 11. Bg3 Qe7 12. Qc2 c6 13. Rfd1 Nh5 14. e4 Nxg3 15.
hxg3 a5 16. Ne1 Nc5 17. Nd3 Ne6 18. Na4 Nd4 19. Qd2 f5 20. Nb6 Rb8 21. Nxc8
Rbxc8 22. exf5 Rcd8 23. Bf3 e4 24. Re1 Nxf3+ 25. gxf3 Qd6 26. fxe4 Qxd3 27.
Qxd3 Rxd3 28. Re2 Be5 29. Kg2 Rfd8 30. Rae1 Rd2 31. b3 Kg7 32. f3 a4 33. f4
gxf4 34. gxf4 Bxf4 35. Kf3 Be5 36. Rg1+ Kh7 37. Rg6 R8d3+ 38. Re3 axb3 39. axb3
Rxe3+ 40. Kxe3 Rb2 41. Re6 Rxb3+ 42. Ke2 Bd4 43. Re7+ Kg8 44. Kd2 Kf8 45. Re6
h5 46. Rh6 Be3+ 0-1

[Event "15.Offene Südharz-Meisterschaft"]
[Site "Schloss Mansfeld"]
[Date "2022.12.16"]
[Round "1.11"]
[White "Rohde, Niclas"]
[Black "Gersemann, Karl"]
[Result "1-0"]
[WhiteElo "1942"]
[BlackElo "1812"]
[PlyCount "101"]
[EventDate "2022.??.??"]

1. e4 e5 2. Nc3 Nf6 3. f4 d6 4. Nf3 Nc6 5. Bc4 Be7 6. d3 O-O 7. O-O Na5 8. Bb3
Nxb3 9. axb3 c6 10. fxe5 dxe5 11. Kh1 Qc7 12. Be3 a6 13. Qe1 b5 14. Qg3 Bd6 15.
Nh4 Kh8 16. Nf5 Bxf5 17. Rxf5 Ng8 18. Raf1 g6 19. R5f2 f6 20. h4 Qe7 21. Qh3
Rae8 22. g4 Qe6 23. Qg2 Kg7 24. Ne2 Ne7 25. Qf3 Rf7 26. Rg2 Ref8 27. Ng3 Kh8
28. Rgf2 Kg7 29. Kh2 Kh8 30. Bh6 Re8 31. Bd2 Ref8 32. Kg2 Kg7 33. h5 g5 34. Kh3
h6 35. Qe3 c5 36. Ra1 Ra8 37. Qf3 Kg8 38. Rff1 Kh7 39. Ra2 Kg8 40. Rfa1 Bc7 41.
Be3 Qc6 42. Qf2 Bd6 43. Nf5 Nxf5 44. Qxf5 Bf8 45. Rf1 Re8 46. Qg6+ Bg7 47. Bxg5
hxg5 48. h6 Re6 49. hxg7 Rxg7 50. Qf5 Qd7 51. Rfa1 1-0

[Event "15.Offene Südharz-Meisterschaft"]
[Site "Schloss Mansfeld"]
[Date "2022.12.16"]
[Round "1.12"]
[White "Lehmann, Taylor"]
[Black "Dreke, Frank"]
[Result "1-0"]
[WhiteElo "1780"]
[BlackElo "1939"]
[PlyCount "43"]
[EventDate "2022.??.??"]

1. e4 Nf6 2. Nc3 d5 3. exd5 Nxd5 4. d4 Nxc3 5. bxc3 c5 6. Nf3 g6 7. Be2 Bg7 8.
O-O O-O 9. Ba3 Nd7 10. Rb1 Qa5 11. Rb3 a6 12. Qd2 Re8 13. Rd1 b5 14. dxc5 Qc7
15. Qd5 Rb8 16. Nd4 e6 17. Qc6 Be5 18. Qxc7 Bxc7 19. Nc6 Ne5 20. Nxb8 Bxb8 21.
c4 Nc6 22. cxb5 1-0

[Event "15.Offene Südharz-Meisterschaft"]
[Site "Schloss Mansfeld"]
[Date "2022.12.16"]
[Round "1.13"]
[White "Zehe, Marc-Kevin"]
[Black "Poetzsch, Reiko"]
[Result "1-0"]
[WhiteElo "1920"]
[BlackElo "1774"]
[PlyCount "43"]
[EventDate "2022.??.??"]

1. d4 c6 2. c4 g6 3. Nc3 Bg7 4. e4 d6 5. Nf3 Nd7 6. Be2 c5 7. O-O cxd4 8. Nxd4
Ngf6 9. Be3 O-O 10. f4 Re8 11. Rb1 a6 12. Nc2 Qc7 13. Nb4 e6 14. Qd2 Nb6 15. b3
Bd7 16. Rbd1 a5 17. Nc2 Nc8 18. e5 dxe5 19. fxe5 Qxe5 20. Bd4 Ne4 21. Nxe4 Qxe4
22. Bxg7 1-0

[Event "15.Offene Südharz-Meisterschaft"]
[Site "Schloss Mansfeld"]
[Date "2022.12.16"]
[Round "1.14"]
[White "Richter, Thomas"]
[Black "Neuber, Pascal"]
[Result "1/2-1/2"]
[WhiteElo "1771"]
[BlackElo "1914"]
[PlyCount "46"]
[EventDate "2022.??.??"]

1. d4 Nf6 2. Nf3 e6 3. c4 c5 4. Nc3 cxd4 5. Nxd4 Nc6 6. e3 Bc5 7. a3 d5 8. cxd5
exd5 9. Bb5 Bxd4 10. Qxd4 O-O 11. Bxc6 bxc6 12. O-O Bf5 13. Bd2 a5 14. Na4 Ne4
15. Rac1 Nxd2 16. Qxd2 Qf6 17. Qc3 Qxc3 18. Rxc3 Rab8 19. f3 h5 20. Rf2 Rfe8
21. Rd2 Rb7 22. Kf2 Rbe7 23. Rd4 Rb7 1/2-1/2

[Event "15.Offene Südharz-Meisterschaft"]
[Site "Schloss Mansfeld"]
[Date "2022.12.16"]
[Round "1.2"]
[White "Ruddat, Jarne"]
[Black "Ziegenfuss, Antonia"]
[Result "0-1"]
[WhiteElo "1879"]
[BlackElo "2154"]
[PlyCount "150"]
[EventDate "2022.??.??"]

1. e4 c5 2. Nf3 e6 3. d4 cxd4 4. Nxd4 Nc6 5. Nc3 Qc7 6. Be3 a6 7. Qd2 Nf6 8.
Be2 Bb4 9. f3 d5 10. exd5 Nxd5 11. a3 Bxc3 12. bxc3 Ne5 13. Nb3 Nxe3 14. Qxe3
Bd7 15. Nd2 Ba4 16. Qe4 Bc6 17. Qb4 Rc8 18. c4 a5 19. Qb3 O-O 20. Rb1 Qd6 21.
Qc3 Qc7 22. Qb3 Rfd8 23. Rf1 Nd7 24. g3 Qe5 25. f4 Qf6 26. Qb2 Qxb2 27. Rxb2
Nc5 28. Rf2 Kf8 29. Rb1 Rd6 30. Bf3 Bxf3 31. Rxf3 a4 32. Rb5 b6 33. Rf2 Ke7 34.
Re2 Kd7 35. Nf3 Kc7 36. Rb1 Rcd8 37. Ne5 Rf8 38. Re3 Rd4 39. Rd1 Rxd1+ 40. Kxd1
f5 41. Ke2 Rd8 42. Nf3 Rd6 43. c3 Nb3 44. Ke1 Na5 45. Ne5 h6 46. h4 Nc6 47. Ke2
Na5 48. Rd3 Nb3 49. Ke3 Rxd3+ 50. Nxd3 Kd6 51. h5 Kc6 52. Ke2 Nc5 53. Nxc5 bxc5
54. Kf3 Kd6 55. g4 fxg4+ 56. Kxg4 e5 57. Kf5 exf4 58. Kxf4 Ke6 59. Ke4 g5 60.
hxg6 Kf6 61. g7 Kxg7 62. Kf5 Kf7 63. Ke5 Kg6 64. Kd5 h5 65. Kxc5 h4 66. Kd6 h3
67. c5 h2 68. c6 h1=Q 69. Kc7 Kf6 70. Kb6 Ke7 71. Kb5 Qd5+ 72. Kxa4 Qc4+ 73.
Ka5 Qc5+ 74. Ka4 Qb6 75. c7 Kd7 0-1

[Event "15.Offene Südharz-Meisterschaft"]
[Site "Schloss Mansfeld"]
[Date "2022.12.16"]
[Round "1.3"]
[White "Groebel, Aaron"]
[Black "Ziegenfuss, Larissa"]
[Result "1-0"]
[WhiteElo "2102"]
[BlackElo "1879"]
[PlyCount "97"]
[EventDate "2022.??.??"]

1. e4 c5 2. Nf3 d6 3. d4 cxd4 4. Nxd4 Nf6 5. Nc3 a6 6. Bc4 e6 7. Bb3 Nbd7 8.
O-O Nc5 9. Qe2 Qc7 10. f4 Nxb3 11. axb3 e5 12. Nf5 Bxf5 13. exf5 Nd7 14. Be3
Rc8 15. Rad1 Be7 16. Rd2 O-O 17. Nd5 Qd8 18. Rfd1 Rc6 19. Nb4 Rc8 20. Nd5 Rc6
21. Bf2 Re8 22. Nb4 Rc8 23. Qf3 b5 24. Nc6 Qc7 25. Nxe7+ Rxe7 26. Rxd6 e4 27.
Qc3 Qxc3 28. bxc3 Nf6 29. Rxa6 e3 30. Bh4 e2 31. Re1 h6 32. Rd6 Rxc3 33. Rxf6
gxf6 34. Bxf6 Rce3 35. Bxe7 Rxe7 36. Kf2 Kg7 37. Rxe2 Rc7 38. Kf3 h5 39. h3 Kf6
40. g4 Rc3+ 41. Ke4 Rxh3 42. g5+ Kg7 43. f6+ Kf8 44. Rd2 Ke8 45. Rd5 Rc3 46.
Rxb5 h4 47. Rb8+ Kd7 48. Rh8 h3 49. g6 1-0

[Event "15.Offene Südharz-Meisterschaft"]
[Site "Schloss Mansfeld"]
[Date "2022.12.17"]
[Round "2.1"]
[White "Ziegenfuss, Antonia"]
[Black "Rohde, Niclas"]
[Result "1/2-1/2"]
[WhiteElo "2154"]
[BlackElo "1942"]
[PlyCount "90"]
[EventDate "2022.??.??"]

1. d4 f5 2. g4 d5 3. Nc3 Nf6 4. gxf5 Bxf5 5. Bg2 e6 6. e4 dxe4 7. Bg5 Nc6 8.
Bxe4 Nxd4 9. Nf3 Bb4 10. Bxf5 Nxf5 11. Qe2 Qd6 12. Bd2 O-O-O 13. O-O-O Nd5 14.
Nb5 Bxd2+ 15. Rxd2 Qb6 16. Nxa7+ Kb8 17. Nb5 Nf4 18. Qc4 Rxd2 19. Nxd2 Nd4 20.
Nxd4 Qxd4 21. Qxd4 Ne2+ 22. Kd1 Nxd4 23. c3 Nc6 24. Re1 Rf8 25. f3 Rf6 26. Rg1
g6 27. Re1 Kc8 28. Re4 Kd7 29. Ke2 Rf5 30. Ke3 Rh5 31. h4 Ne7 32. Nb3 b6 33.
Nd4 e5 34. Ne2 Rxh4 35. Rxe5 Nf5+ 36. Kd3 Rh3 37. Ke4 Ng3+ 38. Nxg3 Rxg3 39.
Rd5+ Ke6 40. Rd2 h5 41. Rh2 Rg1 42. Ke3 Ke5 43. b3 Re1+ 44. Kd2 Ra1 45. Ke3
Re1+ 1/2-1/2

[Event "15.Offene Südharz-Meisterschaft"]
[Site "Schloss Mansfeld"]
[Date "2022.12.17"]
[Round "2.3"]
[White "Zehe, Marc-Kevin"]
[Black "Haubold, Christian"]
[Result "1/2-1/2"]
[WhiteElo "1920"]
[BlackElo "2006"]
[PlyCount "96"]
[EventDate "2022.??.??"]

1. d4 Nf6 2. c4 g6 3. Nc3 Bg7 4. e4 d6 5. h3 O-O 6. Nf3 e5 7. d5 Na6 8. Be3 Bd7
9. Bd3 c6 10. Qd2 cxd5 11. cxd5 Nb4 12. Bb1 a5 13. O-O b6 14. Ne1 Qc7 15. Nd3
Na6 16. f4 exf4 17. Nxf4 Nc5 18. Nfe2 Rfe8 19. Ng3 h5 20. Bd4 Nh7 21. Bxg7 Kxg7
22. Qf4 f6 23. Bc2 b5 24. Rf2 Re5 25. Raf1 Rae8 26. Kh2 b4 27. Nce2 Bb5 28. Rc1
Qb6 29. Nd4 Bd7 30. Rcf1 a4 31. Bb1 b3 32. a3 Qa6 33. Qh4 Rf8 34. Nf3 Ree8 35.
Qf4 Qb6 36. Nd2 Bb5 37. Rc1 Qa6 38. Ngf1 Re7 39. Ne3 Bd3 40. Bxd3 Nxd3 41. Rc6
Qxc6 42. dxc6 Nxf4 43. Rxf4 Rc7 44. Nf3 g5 45. Rf5 Re8 46. Nd4 Kg6 47. Nd5 Rcc8
48. Nb6 Rc7 1/2-1/2

[Event "15.Offene Südharz-Meisterschaft"]
[Site "Schloss Mansfeld"]
[Date "2022.12.17"]
[Round "2.4"]
[White "Ziegenfuss, Holger"]
[Black "Schellenberger, Dirk"]
[Result "1/2-1/2"]
[WhiteElo "2002"]
[BlackElo "1913"]
[PlyCount "93"]
[EventDate "2022.??.??"]

1. d4 Nf6 2. Bg5 e6 3. e4 h6 4. Bxf6 Qxf6 5. Nc3 Bb4 6. Qd3 O-O 7. e5 Qe7 8.
O-O-O d6 9. Nf3 Nc6 10. Ne4 Rd8 11. c3 Ba5 12. Qc2 dxe5 13. dxe5 Rxd1+ 14. Qxd1
Bb6 15. Bb5 Bd7 16. Qe2 Rd8 17. h4 Be8 18. Bd3 Kh8 19. Ng3 Bxf2 20. Nh5 Qc5 21.
Kd2 Qb6 22. Kc2 Qe3 23. Qxe3 Bxe3 24. Re1 Bc5 25. Nf4 a6 26. g4 Ne7 27. Be4
Ba4+ 28. b3 Bc6 29. Bxc6 Nxc6 30. g5 Ne7 31. b4 Ba7 32. h5 Nf5 33. g6 Kg8 34.
Ng2 b5 35. Rd1 Rxd1 36. Kxd1 fxg6 37. hxg6 Ne3+ 38. Nxe3 Bxe3 39. Ke2 Bb6 40.
Ne1 Kf8 41. Nd3 Ke7 42. Kf3 Bg1 43. Nf4 Bh2 44. Nd3 Bg1 45. Nf4 Bh2 46. Nd3 Bg1
47. Nf4 1/2-1/2

[Event "15.Offene Südharz-Meisterschaft"]
[Site "Schloss Mansfeld"]
[Date "2022.12.17"]
[Round "2.5"]
[White "Schulemann, Gero"]
[Black "Kraus, Sebastian"]
[Result "0-1"]
[WhiteElo "1857"]
[BlackElo "1995"]
[PlyCount "44"]
[EventDate "2022.??.??"]

1. e4 c6 2. d4 d5 3. exd5 cxd5 4. c4 Nf6 5. Nc3 Nc6 6. Bf4 dxc4 7. d5 e5 8. Bg3
Nb4 9. Bxc4 Bf5 10. Rc1 Rc8 11. Qe2 Rxc4 12. Qxc4 Nd3+ 13. Kd2 Bb4 14. Qb5+ Nd7
15. Nf3 O-O 16. Rc2 Nb6 17. Nh4 a6 18. Qxb6 Qxb6 19. Nxf5 Nxf2 20. Re1 g6 21.
Re3 Ng4 22. Bxe5 Nxe5 0-1

[Event "15.Offene Südharz-Meisterschaft"]
[Site "Schloss Mansfeld"]
[Date "2022.12.17"]
[Round "2.6"]
[White "Ziervogel, Alexander"]
[Black "Duzy, Stefan"]
[Result "1/2-1/2"]
[WhiteElo "1841"]
[BlackElo "1975"]
[PlyCount "35"]
[EventDate "2022.??.??"]

1. d4 e6 2. c4 b6 3. Nc3 Bb7 4. e4 Bb4 5. f3 f5 6. exf5 Nh6 7. Bxh6 Qh4+ 8. g3
Qxh6 9. Qd2 Bxc3 10. bxc3 Qxd2+ 11. Kxd2 exf5 12. Re1+ Kf7 13. h4 Nc6 14. Bd3
Kf6 15. Nh3 Rae8 16. g4 g6 17. Nf4 Ne7 18. Rhf1 1/2-1/2

[Event "15.Offene Südharz-Meisterschaft"]
[Site "Schloss Mansfeld"]
[Date "2022.12.17"]
[Round "2.7"]
[White "Neuber, Pascal"]
[Black "Lehmann, Taylor"]
[Result "0-1"]
[WhiteElo "1914"]
[BlackElo "1780"]
[PlyCount "74"]
[EventDate "2022.??.??"]

1. e4 e5 2. Nc3 Nf6 3. f4 d5 4. fxe5 Nxe4 5. Nf3 Nxc3 6. bxc3 c5 7. d4 Nc6 8.
Bd3 Be7 9. O-O Be6 10. Qe1 g5 11. Qf2 c4 12. Be2 g4 13. Ne1 Qd7 14. g3 O-O-O
15. Ng2 h5 16. Bf4 Rdg8 17. Rfb1 Qd8 18. a4 h4 19. Rb5 a6 20. Rb2 hxg3 21. Bxg3
Qa5 22. Rab1 Nd8 23. Ne3 Qxc3 24. Bxc4 dxc4 25. Nf5 Bf8 26. d5 Bxd5 27. e6 Nxe6
28. Qa7 Bc5+ 29. Qxc5+ Nxc5 30. Ne7+ Kd8 31. Nxd5 Qd4+ 32. Kf1 Qxd5 33. Rb6
Qf3+ 34. Kg1 Ne4 35. Rxb7 Nxg3 36. Rb8+ Ke7 37. R1b7+ Kf6 0-1

[Event "15.Offene Südharz-Meisterschaft"]
[Site "Schloss Mansfeld"]
[Date "2022.12.17"]
[Round "2.8"]
[White "Doerge, Sven"]
[Black "Richter, Thomas"]
[Result "1-0"]
[WhiteElo "1911"]
[BlackElo "1771"]
[PlyCount "33"]
[EventDate "2022.??.??"]

1. e4 e5 2. Nf3 Nc6 3. Bc4 Bc5 4. c3 Nf6 5. d4 exd4 6. e5 Ng8 7. cxd4 Bb4+ 8.
Nc3 d5 9. exd6 Qxd6 10. O-O Bxc3 11. bxc3 Nge7 12. a4 Bg4 13. Bxf7+ Kd8 14. Bc4
Rf8 15. Be2 h6 16. Ba3 Qf6 17. d5 1-0

[Event "15.Offene Südharz-Meisterschaft"]
[Site "Schloss Mansfeld"]
[Date "2022.12.17"]
[Round "2.9"]
[White "Haubold, Sebastian"]
[Black "Syre, Christian"]
[Result "0-1"]
[WhiteElo "2028"]
[BlackElo "2154"]
[PlyCount "128"]
[EventDate "2022.??.??"]

1. e4 d5 2. exd5 Nf6 3. d4 Bg4 4. Bb5+ Nbd7 5. f3 Bf5 6. Nc3 a6 7. Ba4 b5 8.
Bb3 Nb6 9. Nge2 Nfxd5 10. O-O e6 11. Ne4 Be7 12. c3 O-O 13. N2g3 Bg6 14. Qe2
Qd7 15. Bd2 Rfe8 16. Rad1 Qc8 17. Qf2 a5 18. a3 a4 19. Ba2 h6 20. Bc1 Bf8 21.
f4 c6 22. Qe2 Nd7 23. Bb1 Rb8 24. Bd3 Qb7 25. Qf2 f5 26. Nd2 c5 27. Nf3 Qc7 28.
Ne5 Nxe5 29. fxe5 cxd4 30. cxd4 Rec8 31. Bd2 Qd7 32. Rc1 b4 33. Rxc8 Rxc8 34.
axb4 Nxb4 35. Bxb4 Bxb4 36. Ne2 Bf7 37. Rc1 Bd2 38. Rd1 Ba5 39. Rc1 Rxc1+ 40.
Nxc1 Bb6 41. Ne2 Bh5 42. Kf1 Bxe2+ 43. Bxe2 Bxd4 44. Qg3 Bxb2 45. Qf3 Bxe5 46.
Bc4 Kh7 47. Qe2 Qd6 48. g3 Kg6 49. Qa2 Qc6 50. Kf2 Bd4+ 51. Ke2 Kf6 52. Kd3
Qe4+ 53. Kd2 Qe3+ 54. Kc2 Qf2+ 55. Kd3 Qxa2 56. Bxa2 e5 57. Ke2 e4 58. h3 g5
59. Bd5 Ke5 60. Bg8 f4 61. gxf4+ gxf4 62. Bc4 f3+ 63. Ke1 e3 64. Bg8 Bc3+ 0-1

[Event "15.Offene Südharz-Meisterschaft"]
[Site "Schloss Mansfeld"]
[Date "2022.12.17"]
[Round "2.10"]
[White "Herter, Arne"]
[Black "Lich, Daniel"]
[Result "1-0"]
[WhiteElo "1981"]
[BlackElo "1748"]
[PlyCount "73"]
[EventDate "2022.??.??"]

1. e4 g6 2. d4 Bg7 3. Nc3 d6 4. Nf3 a6 5. Bf4 b5 6. a3 Bb7 7. Qd2 Nd7 8. O-O-O
c5 9. dxc5 Nxc5 10. Qe3 Ne6 11. Kb1 Nxf4 12. Qxf4 Bxc3 13. bxc3 Qc7 14. e5 d5
15. Bd3 e6 16. h4 h6 17. Nd4 O-O-O 18. Rh3 g5 19. hxg5 hxg5 20. Qxg5 Rxh3 21.
gxh3 Qxc3 22. Bh7 b4 23. a4 Bc6 24. Nxc6 Qxc6 25. Bxg8 Qxa4 26. Bxf7 b3 27.
Bxe6+ Kc7 28. Qe7+ Kc6 29. Bxd5+ Kb5 30. Qb7+ Kc5 31. Qc7+ Kb5 32. Bc6+ Kb4 33.
Bxa4 Rxd1+ 34. Kb2 Kxa4 35. Qc4+ Ka5 36. Qc5+ Ka4 37. cxb3# 1-0

[Event "15.Offene Südharz-Meisterschaft"]
[Site "Schloss Mansfeld"]
[Date "2022.12.17"]
[Round "2.11"]
[White "Dreke, Frank"]
[Black "Noennig, Jakob"]
[Result "1-0"]
[WhiteElo "1939"]
[BlackElo "1738"]
[PlyCount "41"]
[EventDate "2022.??.??"]

1. e4 e5 2. Nf3 Nc6 3. d4 exd4 4. Bc4 Nf6 5. O-O Nxe4 6. Re1 d5 7. Bxd5 Qxd5 8.
Nc3 Qa5 9. Nxe4 Be6 10. Bg5 Be7 11. Bxe7 Nxe7 12. Qxd4 O-O 13. Neg5 Nc6 14. Qf4
Bd7 15. Ne5 Rae8 16. b4 Nxb4 17. Nxd7 Rxe1+ 18. Rxe1 Nd3 19. Qxf7+ Rxf7 20.
Re8+ Rf8 21. Rxf8# 1-0

[Event "15.Offene Südharz-Meisterschaft"]
[Site "Schloss Mansfeld"]
[Date "2022.12.17"]
[Round "2.12"]
[White "Kasper, Mike"]
[Black "Ruddat, Jarne"]
[Result "1-0"]
[WhiteElo "1670"]
[BlackElo "1879"]
[PlyCount "89"]
[EventDate "2022.??.??"]

1. e4 c5 2. Na3 g6 3. c3 Bg7 4. Nf3 a6 5. Nc2 d6 6. d4 cxd4 7. Nfxd4 Nf6 8. f3
Bd7 9. Be3 Nc6 10. Be2 Qc7 11. c4 Ne5 12. b3 Nc6 13. O-O O-O 14. Kh1 Rfe8 15.
Rc1 Rad8 16. Nxc6 bxc6 17. Qe1 a5 18. Qf2 Ra8 19. Bd3 Bc8 20. h3 Qb7 21. f4 Rf8
22. e5 dxe5 23. fxe5 Nd7 24. Be4 Nxe5 25. Nd4 f5 26. Bc2 Nf7 27. Nf3 Rd8 28.
Rcd1 Re8 29. Rd2 e5 30. Rfd1 f4 31. Bc5 Bf5 32. Bxf5 gxf5 33. Rd7 Qb8 34. Nh4
Nh6 35. R1d6 Bf8 36. Rxc6 Rd8 37. Bxf8 Rxd7 38. Bxh6 Rd6 39. Qc5 Rd1+ 40. Kh2
f3 41. Nxf3 e4+ 42. Ne5 Rd7 43. Bf4 Rg7 44. Qd5+ Kf8 45. Ng6+ 1-0

[Event "15.Offene Südharz-Meisterschaft"]
[Site "Schloss Mansfeld"]
[Date "2022.12.17"]
[Round "2.13"]
[White "Ziegenfuss, Larissa"]
[Black "Zander, Luca"]
[Result "1/2-1/2"]
[WhiteElo "1879"]
[BlackElo "1665"]
[PlyCount "113"]
[EventDate "2022.??.??"]

1. e4 e6 2. d4 d5 3. Nd2 dxe4 4. Nxe4 Nf6 5. Nxf6+ Qxf6 6. Nf3 h6 7. Bb5+ Bd7
8. Qe2 Bd6 9. Ne5 Bxe5 10. dxe5 Qe7 11. O-O a6 12. Bxd7+ Nxd7 13. Qe4 O-O-O 14.
Be3 f5 15. Qd4 g5 16. Qa7 Nb8 17. Qa8 b6 18. f4 Qd7 19. fxg5 hxg5 20. Qf3 g4
21. Qe2 Qd5 22. Bf2 Kb7 23. Rfd1 Qc6 24. Bg3 Rd7 25. Rxd7 Nxd7 26. c4 Nc5 27.
b4 Ne4 28. Bf4 Rd8 29. b5 axb5 30. cxb5 Qd5 31. Rc1 Qd4+ 32. Kf1 Nd2+ 33. Bxd2
Qxd2 34. Qxd2 Rxd2 35. Rc6 Rd5 36. Rxe6 Rxb5 37. Re8 Kc6 38. a4 Rc5 39. e6 Kd6
40. h4 gxh3 41. gxh3 Re5 42. h4 Rxe6 43. Rh8 Re4 44. h5 Rxa4 45. h6 Rh4 46. h7
Kc6 47. Kf2 b5 48. Kg3 Rh1 49. Kf4 b4 50. Kxf5 Kc5 51. Kg6 Kc4 52. Rb8 b3 53.
h8=Q Rxh8 54. Rxh8 c5 55. Kf5 Kb4 56. Rb8+ Kc3 57. Ke4 1/2-1/2

[Event "15.Offene Südharz-Meisterschaft"]
[Site "Schloss Mansfeld"]
[Date "2022.12.17"]
[Round "2.14"]
[White "Hering, Sven"]
[Black "Stieber, Mike"]
[Result "1/2-1/2"]
[WhiteElo "1849"]
[BlackElo "1636"]
[PlyCount "146"]
[EventDate "2022.??.??"]

1. e4 e6 2. Nc3 d5 3. Nf3 dxe4 4. Nxe4 Be7 5. d4 Nf6 6. Nxf6+ Bxf6 7. Bd3 b6 8.
Be4 c6 9. Bf4 Bb7 10. g4 Nd7 11. h4 Qc8 12. Qe2 Bd8 13. g5 Bc7 14. Be3 c5 15.
Bxb7 Qxb7 16. O-O-O O-O-O 17. Nd2 Rhe8 18. Nb3 cxd4 19. Bxd4 e5 20. Be3 Nb8 21.
Qg4+ Re6 22. Rxd8+ Kxd8 23. Rd1+ Rd6 24. Nd2 Qd5 25. Qa4 a5 26. c4 Qc6 27. Qc2
g6 28. b3 Nd7 29. Qe4 Qxe4 30. Nxe4 Rxd1+ 31. Kxd1 Ke7 32. a4 Ke6 33. Ke2 Kf5
34. f3 Ke6 35. Kd3 f6 36. gxf6 Nxf6 37. Nxf6 Kxf6 38. Ke4 Ke6 39. Bg5 Kd6 40.
Bf6 Ke6 41. Bg7 Bd6 42. Bh6 Bc7 43. Bd2 Bd6 44. Be3 Bc5 45. Bd2 Bd6 46. Bc3 Bc7
47. b4 axb4 48. Bxb4 Bd8 49. Be1 Bc7 50. Bf2 Bd8 51. c5 bxc5 52. Bxc5 Ba5 53.
Be3 Kd6 54. Bg5 Ke6 55. Bh6 Kf6 56. Bf8 Ke6 57. Bc5 Be1 58. Bb6 Kd6 59. a5 Bxh4
60. a6 Kc6 61. a7 Kb7 62. Kxe5 h5 63. Kf4 Be7 64. Be3 Bh4 65. Bd4 Be7 66. Bf2
Bf6 67. Kg3 Be7 68. Kh3 Bf6 69. Kg3 Be7 70. Kf4 Bf6 71. Ke4 Ka8 72. Bg1 Kb7 73.
Kf4 Ka8 1/2-1/2